[Event "FRA-ch Blitz Online Qual"]
[Site "Europe Echecs INT"]
[Date "2020.05.16"]
[Round "15"]
[White "Serieys, Philippe"]
[Black "Fischler, Ines"]
[Result "0-1"]
[WhiteElo "1210"]
[BlackElo "1129"]
[PlyCount "56"]
[EventDate "2020.05.16"]
[EventType "swiss (blitz)"]
[EventRounds "15"]
[EventCountry "FRA"]
[SourceTitle "CBM 196 Extra"]
[Source "ChessBase"]
[SourceDate "2020.07.31"]
[SourceVersion "1"]
[SourceVersionDate "2020.07.31"]
[SourceQuality "1"]

1. e4 e5 2. Nf3 Nc6 3. Bc4 Bc5 4. d3 Nf6 5. 0-0 d6 6. Nbd2 Bg4 7. h3 Bh5 8. c3 0-0 9. Qc2 h6 10. Ne1 Qd7 11. Kh1 Rfe8 12. f4 exf4 13. Rxf4 Be3 14. Rf1 Bxd2 15. Qxd2 Re5 16. Qf4 Bg6 17. Nf3 Re7 18. Nh4 Bh5 19. Nf5 Re5 20. Qg3 Bg6 21. Nh4 Bh5 22. Rxf6 Qe7 23. Rf4 Rg5 24. Qf3 Bxf3 25. Nf5 Qf6 26. gxf3 Qg6 27. Bb5 Rg1+ 28. Kh2 Qg2# 0-1

[Event "FRA-ch Blitz Online Qual"]
[Site "Europe Echecs INT"]
[Date "2020.05.16"]
[Round "13"]
[White "Serieys, Philippe"]
[Black "Pothieux, Philippe"]
[Result "0-1"]
[WhiteElo "1210"]
[BlackElo "1796"]
[PlyCount "82"]
[EventDate "2020.05.16"]
[EventType "swiss (blitz)"]
[EventRounds "15"]
[EventCountry "FRA"]
[SourceTitle "CBM 196 Extra"]
[Source "ChessBase"]
[SourceDate "2020.07.31"]
[SourceVersion "1"]
[SourceVersionDate "2020.07.31"]
[SourceQuality "1"]

1. e4 e6 2. Nf3 d5 3. exd5 exd5 4. c3 Bg4 5. Be2 Nf6 6. d4 Be7 7. 0-0 0-0 8. Ne5 Bxe2 9. Qxe2 Re8 10. Qd3 Bd6 11. Nf3 c6 12. Be3 Nbd7 13. Nbd2 Nf8 14. b3 Qc7 15. g3 h6 16. c4 Ng4 17. c5 Be7 18. Bf4 Qd8 19. Ne5 Nxe5 20. Bxe5 Ng6 21. f4 Qd7 22. f5 Nxe5 23. dxe5 Bg5 24. Nf3 Qe7 25. Rae1 Qxc5+ 26. Kg2 Rad8 27. Nxg5 hxg5 28. Qe3 Qxe3 29. Rxe3 Re7 30. g4 Rde8 31. Rfe1 Kf8 32. e6 fxe6 33. Rxe6 Rxe6 34. Rxe6 Rxe6 35. fxe6 Ke7 36. Kg3 Kxe6 37. h4 gxh4+ 38. Kxh4 Kf6 39. g5+ Kf5 40. Kh5 g6+ 41. Kh6 d4 0-1